00408cam a2200169ua 45000010005000000080039000050200018000440400009000620410008000710820010000792450063000892500009001522600029001613000014001906530015002046530019002197714141222n ii |||gr||||Z||||||eng a9788132113683 cMAIN aeng a338.91 aTwelfth five year plan (2012-2017)bSocial sectors Vol III a1st. aNew Delhi:bSAGE,c2014. axvi,274p. aProduction aFive year plan